| 000 | 03209nam a2200373 i 4500 | ||
|---|---|---|---|
| 003 | DO-SdBNP | ||
| 005 | 20240314200928.0 | ||
| 006 | a||||fr|||| 00| 0 | ||
| 007 | ta | ||
| 008 | 230515e2022 dr |||fr|||| 001 e spa d | ||
| 020 | _a9789945643367 | ||
| 020 | _a9789945643374 (digital) | ||
| 040 |
_aDO-SdBNP _bspa _cBNPHU _erda |
||
| 082 | 4 |
_222 _bU54d |
|
| 245 | 1 | 3 |
_aUna década de justicia constitucional: _bdiez sentencias trascendentes. memoria del panel organizado por a Universidad APEC en ocasión de la celebración del décimo aniversario del Tribunal Constitucional. / _cHolguín Haché, Franklin, Milton Ray Guevara, Alejando A. Moscoso Sagarra, Víctor Joaquín Castellanos Pizano, Manuel Ramón Herrera Carbucia,...[y otros] |
| 264 | 3 | 0 |
_aSanto Domingo : _bTribunal Constitucional de la República Dominicana, _c2022 |
| 300 |
_a191 páginas : _c22 cm. |
||
| 336 |
_2rdaconten _atexto _btxt |
||
| 337 |
_2rdamedia _asin medición _bn |
||
| 338 |
_2rdacarrier _avolumen _bnc |
||
| 500 | _aIncluye bibliografía y notas al pie de páginas | ||
| 505 |
_aPalabras de Presentación del Magistrado Presidente Dr. Milton Ray Guevara. _tPalabras del rector, / _rDr. Franklin Holguín Haché. Rector de la Universidad APEC.-- _tUna Década del Tribunal Constitucional. / _rDr. Milton Ray Guevara. Presidente del Tribunal Constitucional de la República Dominicana.-- _tUna Década del Tribunal Constitucional: Diez Sentencias Relevantes. / _rDr. Alejandro A. Moscoso Segarra. Decano de Humanidades de la Universidad APEC-- _tLas Diez Principales Sentencias del Tribunal Constitucional dominicano. / _rMag. Víctor Joaquín Castellanos Pizano. Juez del Tribunal Constitucional de la República Dominicana-- _tCaracterísticas y Particularidades de la Jurisprudencia Constitucional en Materia Laboral en una Década. / _rDr. Manuel Ramón Herrera Carbucia.-- _tPrimer sustituto del presidente de la Suprema Corte de Justicia.-- _tLa Libertad de expresión ante el TC: una década de Jurisprudencia Constitucional. / _rDr Namphi Rodríguez. Abogado y Cátedrático-- _tAportes del Tribunal Constitucional en Materia Inmobiliaria Registral.-- _rMag. Wilson Gómez Ramírez. Juez del Tribunal Constitucional de la República Dominicana.-- |
||
| 590 | _aInventariado 2023 / MF | ||
| 700 | 1 |
_914334 _aHolguín Haché, Franklin |
|
| 700 | 1 |
_aMilton Ray Guevara _d1948- _tUna Década del Tribunal Constitucional. _978143 |
|
| 700 | 1 |
_aMoscoso Segarra, Alejando A., _tUna Década del Tribunal Constitucional: Diez Sentencias Relevantes _983376 |
|
| 700 |
_91057 _aCastellanos Pizano, Víctor Joaquín _tLa Diez Principales sentencias del Tribunal Constitucional Dominicano |
||
| 700 | 1 |
_aHerrera Carbucia, Manuel Ramón _tCaracterísticas y Particularidades de la Jurisprudencia Constitucional en Materia Laboral en una Década. _983377 |
|
| 700 | 1 |
_917970 _aRodríguez, Namphi _tLa Libertad de expresión ante el TC: una década de Jurisprudencia Constitucional. |
|
| 700 | 1 |
_aGómez Ramírez, Wilson S _d1953- _tAportes del Tribunal Constitucional en Materia Inmobiliaria Registral. _946083 |
|
| 710 | 1 |
_979204 _aRepública Dominicana: _bTribunal Constitucional |
|
| 710 | 2 |
_930673 _aUniversidad APEC |
|
| 942 |
_2ddc _cLBS1 |
||
| 999 |
_c53505 _d53505 |
||